| 000 | 01218nam a2200313 a 4500 | ||
|---|---|---|---|
| 001 | ebr10483098 | ||
| 003 | CaPaEBR | ||
| 006 | m u | ||
| 007 | cr cn||||||||| | ||
| 008 | 110801s2007 gw c sb 000 0 eng d | ||
| 020 | _z9783836655842 | ||
| 020 | _z9783836605847 (e-book) | ||
| 040 |
_aCaPaEBR _cCaPaEBR |
||
| 035 | _a(OCoLC)747411789 | ||
| 043 | _ae-bu--- | ||
| 050 | 1 | 4 |
_aHD818 _b.M36 2007eb |
| 100 | 1 | _aMandl, Jubilee Jenna. | |
| 245 | 1 | 0 |
_aProperty investment in Bulgaria _h[electronic resource] : _bwhy invest? why not to invest? / _cJubilee Jenna Mandl. |
| 260 |
_aHamburg : _bDiplom.de, _c2007. |
||
| 300 |
_aiii, 54 p. : _bcol. port. |
||
| 500 | _aTitle from cover. | ||
| 504 | _aIncludes bibliographical references. | ||
| 533 |
_aElectronic reproduction. _bPalo Alto, Calif. : _cebrary, _d2011. _nAvailable via World Wide Web. _nAccess may be limited to ebrary affiliated libraries. |
||
| 650 | 0 |
_aReal estate investment _zBulgaria. |
|
| 650 | 0 |
_aReal property _xForeign ownership. |
|
| 655 | 7 |
_aElectronic books. _2local |
|
| 710 | 2 | _aebrary, Inc. | |
| 856 | 4 | 0 |
_uhttp://site.ebrary.com/lib/rucke/Doc?id=10483098 _zAn electronic book accessible through the World Wide Web; click to view |
| 999 |
_c122175 _d122175 |
||